Most Popular TV Shows of the 1990s Quiz Stats

 Plays Quiz Updated Aug 1, 2017

Challenge
Share
Tweet
Embed
Score 0/50 Timer 08:00
2 Plays Today
1990 % Correct
1995Friends
90%
1996Friends
90%
1997Friends
90%
1998Friends
90%
1999Friends
90%
1993Seinfeld
79.5%
1994Seinfeld
79.5%
1995Seinfeld
79.5%
1996Seinfeld
79.5%
1997Seinfeld
79.5%
1990Cheers
67.3%
1991Cheers
67.3%
1994ER
54.6%
1995ER
54.6%
1996ER
54.6%
1997ER
54.6%
1998ER
54.6%
1999ER
54.6%
1998Frasier
54%
1990The Cosby Show
39.7%
1991Home Improvement
33.8%
1992Home Improvement
33.8%
1993Home Improvement
33.8%
1994Home Improvement
33.8%
1990Roseanne
29.6%
1990 % Correct
1991Roseanne
29.6%
1992Roseanne
29.6%
1993Roseanne
29.6%
199060 Minutes
29.6%
199160 Minutes
29.6%
199260 Minutes
29.6%
199360 Minutes
29.6%
1994Monday Night Football
19%
1995Monday Night Football
19%
1997Monday Night Football
19%
1998Monday Night Football
19%
1991Murphy Brown
16.3%
1992Murphy Brown
16.3%
1999Who Wants to Be a Millionaire (Thursday)
12.1%
1999Who Wants to Be a Millionaire (Sunday)
12.1%
1999Who Wants to Be a Millionaire (Tuesday)
12.1%
1992Murder, She Wrote
9.7%
1990A Different World
7.5%
1995Caroline in the City
5.7%
1996Suddenly Susan
5.4%
1997Veronica's Closet
4.5%
1998Veronica's Closet
4.5%
1993Grace Under Fire
4.3%
1994Grace Under Fire
4.3%
1996The Naked Truth
2%

You're not logged in!

Compare scores with friends on all Sporcle quizzes.
OR
Log In

You Might Also Like...

Show Comments

Extras

Top Quizzes Today


Score Distribution

Your Account Isn't Verified!

In order to create a playlist on Sporcle, you need to verify the email address you used during registration. Go to your Sporcle Settings to finish the process.

Report this User

Report this user for behavior that violates our Community Guidelines.

Details: